000 01040cad a22002055a 4500
001 L147377
008 090507s2009 xxkado f 000 0 eng d
035 _a(Sirsi) u147377
041 0 _aeng
050 0 4 _a333.724 $2 18
110 2 _aWorld Business Council for Sustainable Development
_94488
245 0 0 _aTransforming the market
_benergy efficiency in buildings
_h[electronic resource]
260 _aGeneva
_bWorld Business Council for Sustainable Development
_c2009
520 _aUsing new modelling, shows how energy use in buildings can be cut by 60% by 2050 (essential to meeting global climate change targets), but the building sector must make urgent changes to meet these global energy targets. Calls for a major, coordinated and global effort.
590 _aKA NTK
651 4 _aInternational
690 _aENVIRONMENTAL AND LAND CONSULTANCY-ENERGY-ENERGY USE-ENERGY EFFICIENCY
856 4 0 _uhttps://www.wbcsd.org/templates/TemplateWBCSD5/layout.asp?MenuID=1
_zView this item free of charge at www.wbcsd.org...
942 _n0
999 _c109525
_d109525